Parc del Montnegre i el Corredor / guió i redacció Gonçal Luna
ISBN:
84-9803-079-X
Descripción Física:
185 p. : il. col. ; 23 cm
Colección:
Guies dels parcs ; 4
MARC
| LEADER | 00000nam a2200000Ia 4500 | ||
|---|---|---|---|
| 001 | 17173 | ||
| 008 | 160829s9999 xx 000 0 cat d | ||
| 020 | |a 84-9803-079-X | ||
| 080 | |a C-2-405 | ||
| 100 | |a Luna, Gonçal |9 456 | ||
| 245 | |a Parc del Montnegre i el Corredor / guió i redacció Gonçal Luna | ||
| 260 | |a Barcelona : |b Diputació de Barcelona, DL 2005 | ||
| 300 | |a 185 p. : |b il. col. ; |c 23 cm | ||
| 490 | |a Guies dels parcs ; 4 | ||
| 610 | 0 | |a Parc del Montnegre i el Corredor (Catalunya) |v Guies |9 52679 | |
| 710 | 1 | |a Barcelona (Catalunya : Província). |b Diputació |9 52408 | |
| 901 | |a Arxiu | ||
| 942 | |n 1 | ||
| 952 | |0 0 |1 0 |4 0 |6 C2405 |7 1 |9 43448 |a Arxiu |b Arxiu |d 2016-12-01 |l 0 |o C-2-405 |p 17173 |r 2016-12-01 00:00:00 |w 2016-12-01 |y ARXIU | ||
| 999 | |c 45994 |d 45994 | ||